| 000 | 01184nac a22003377a 4500 | ||
|---|---|---|---|
| 001 | BR0502871 | ||
| 003 | BR-BrBNA | ||
| 005 | 20240105123147.0 | ||
| 008 | 230509b bl.|||m| |||| 00| 0 por d | ||
| 040 |
_aBR-BrBNA _bpor _cBiblioteca Nacional de Agricultura |
||
| 072 | _aE16 | ||
| 090 | _a0430 BR0502871 | ||
| 100 | 1 | _aBeltrão, N.E. de M. | |
| 100 | 1 | _aAraújo, J.M. de | |
| 100 | 1 | _aCartaxo, W.V. | |
| 100 | 1 | _aBarreto, W.G. | |
| 100 | 1 | _aSilva, M.B. da | |
| 110 | 1 |
_aCentro Nacional de Pesquisa de Algodão, Campina Grande, PB (Brasil) _91753 |
|
| 245 | 1 | _aValidação tecnológica da produção de algodão herbáceo em ambiente oligotrófico e xérico, no Nordeste brasileiro | |
| 260 | 3 |
_aCampina Grande, PB (Brasil): _c2000. |
|
| 300 | _a20 p. | ||
| 490 |
_aBoletim de Pesquisa - Centro Nacional de Pesquisa de Algodão (Brazil) _vno. 44 _xISSN 0103-0841 |
||
| 500 | _aSummaries (En, Pt); 20 ref. | ||
| 650 | _aALGODÃO HERBÁCEO | ||
| 650 | _aESTATÍSTICA DE PRODUÇÃO | ||
| 650 | _aSOLO ÚMIDO | ||
| 650 | _aPROPRIEDADE FÍSICO-QUÍMICA | ||
| 650 | _aSISTEMA DE CULTIVO | ||
| 909 |
_a202312 _bLúcia Elande _c55 _dLúcia Elande |
||
| 942 |
_2AGRIS _n0 _cMS |
||
| 999 |
_c294246 _d294246 |
||